| 000 | 00000nam##2200000za#4500 |
| 001 | 9.640542 |
| 003 | CaOODSP |
| 005 | 20250506145323 |
| 007 | cr ||||||||||| |
| 008 | 150407|1990||||xxc|||||o f|0| 0 fre|d |
| 040 | |aCaOODSP|bfre |
| 043 | |an-cn--- |
| 086 | 1 |aA22-119/1990F-PDF |
| 110 | 1 |aCanada.|bAgriculture Canada. |
| 245 | 13|aLe développement commercial des crèmes au Canada |h[ressource électronique] |
| 260 | |bAgriculture Canada |cc1990. |
| 300 | |a10p.|bfigures, références, tableaux |
| 500 | |aLe n° de catalogue (A22-119/1990) et l'ISBN (0-662-57679-9) de l'édition imprimée bilingue ont été incorrectement copiés dans la version PDF. |
| 590 | |a12-32-Supp|b2012-07-11 |
| 691 | 07|aCrème|2gcpds |
| 775 | 08|tThe commercial development of creams in Canada |w(CaOODSP)9.696428 |
| 856 | 40|ahttp://publications.gc.ca|qPDF|s639 Ko|uhttps://publications.gc.ca/collections/collection_2012/agr/A22-119-1990-fra.pdf |